000 00485pab a2200181 454500
008 180718b2002 xxu||||| |||| 00| 0 eng d
100 _aAggarwal, B.K.
245 _aSocio-economic dimensions of drug-addicts in Punjab: a comparative analysis
260 _c2002
300 _ap.129-44.
362 _aSep
650 _aDrug abuse - India - Punjab
650 _aDrug abuse
700 _aDua, Nisha
700 _aSharma, Shalini
773 _aMan and Development
909 _a54586
999 _c54586
_d54586